000 00394nam a2200121Ia 4500
008 150223s9999 xx 000 0 und d
020 _a9710864890
050 _aHB 171.5
_b.G993 2004
100 _aGuzman, Juliet S. et. al.
245 _aMastering the principles of Economics /
_cJuliet S. Guzaman et. al.
260 _aPhilippines :
_bNational Book Store,
_c2004
300 _a123 pages :
_c22 cm.
999 _c283325
_d283325